[Event "Mogliano Veneto op-C 32nd"]
[Site "Mogliano Veneto"]
[Date "2011.04.29"]
[Round "1"]
[White "Boscolo Camiletto, Andrea"]
[Black "De Col, Daniele"]
[Result "1/2-1/2"]
[WhiteElo "1506"]
[BlackElo "1433"]
[PlyCount "115"]
[EventDate "2011.04.29"]
[EventType "swiss"]
[EventRounds "5"]
[EventCountry "ITA"]
[SourceTitle "EXT 2024"]
[Source "ChessBase"]
[SourceDate "2023.10.10"]
[SourceVersion "1"]
[SourceVersionDate "2023.10.10"]
[SourceQuality "1"]

1. e4 d6 2. d4 Nf6 3. Nc3 c6 4. Be3 Qa5 5. Qd2 e6 6. Nf3 Nbd7 7. Bd3 e5 8. 0-0 Be7 9. a3 h6 10. b4 Qc7 11. b5 Ng4 12. bxc6 bxc6 13. d5 Nxe3 14. Qxe3 Nf6 15. dxc6 Be6 16. Nb5 Qxc6 17. Nxa7 Qb7 18. Nb5 0-0 19. Rfb1 Qd7 20. a4 Ng4 21. Qd2 d5 22. h3 Bd6 23. hxg4 Bxg4 24. Nxd6 Bxf3 25. gxf3 Qxd6 26. exd5 Kh8 27. Bc4 f5 28. Bb3 f4 29. Kf1 Rf5 30. Ke2 Re8 31. Qd3 e4 32. fxe4 Rxe4+ 33. Qxe4 Re5 34. Qxe5 Qxe5+ 35. Kd2 f3 36. Re1 Qd4+ 37. Kc1 Qxa1+ 38. Kd2 Qd4+ 39. Kc1 Qxf2 40. Rd1 Qe3+ 41. Kb2 Qe2 42. Rd4 f2 43. Bc4 Qxc4 44. Rxc4 f1Q 45. Rd4 Qf6 46. c3 h5 47. d6 g5 48. d7 Qd8 49. a5 Kg7 50. a6 Kf7 51. a7 Ke7 52. Re4+ Kd6 53. Re8 Qb6+ 54. Kc2 Qf2+ 55. Kb3 Qf7+ 56. Ka3 Kxd7 57. a8Q Qxe8 58. Qd5+ 1/2-1/2